00656nam a2200181 a 450000100100000000500170001000800410002704000250006808200150009310000340010824500940014226000450023630000200028170000340030104900090033595201130034499900170045700003184120250130114120.0110706s2002 dr 000 0 spa d aDO-SdBNPbspacBNPHU axxxbP281n1 aPascual Soriano, Pedro93106210aNormas y principios para la vida diaria /cPedro Pascual Soriano ; prólogo Tirso Mateo. aSanto Domingo :bImpresora Mateo,c2002. a24 p. ;c22 cm.1 aMateo, Tirso,epról.929285 aBNPD 0010718PDaPDbPDcCTd2011-07-06iLF1l0oxxx P281np31841-10r2020-06-25w2020-06-25yLFPDZNo se presta c31333d31333